Music Quiz

Random Music or Album Quiz
Score 0/19 Timer 10:00
0 Plays Today
No. Song % Correct
4.Midnight Memories
93.6%
1.Best Song Ever
91.3%
2.Story Of My Life
90.2%
3.Diana
88%
10.Little Black Dress
84.2%
5.You & I
83.6%
8.Happily
83.3%
13.Little White Lies
82.9%
7.Strong
81.7%
9.Right Now
79.4%
No. Song % Correct
6.Don't Forget Where You Belong
77%
12.Something Great
75.1%
11.Through The Dark
74.8%
16.Does He Know?
71.8%
17.Alive
71.8%
18.Half A Heart
71.6%
14.Better Than Words
71.3%
15.Why Don't We Go There?
66.2%
19.One Way Or Another (Teenage Kicks)
44.4%
Remove Ads.
Support Sporcle.
Get the best of Sporcle when you Go Orange. This ad-free experience offers more features, more stats, and more fun while also helping to support Sporcle. Thank you for becoming a member.

You're not logged in!

Compare scores with friends on all Sporcle quizzes.
OR
Log In

Sporcle TV

Today on Sporcle TV


Watch our educational content, quiz creation guides, and fun videos on Sporcle TV.

Show Comments

Extras

Top Quizzes Today


Score Distribution

Paid Content

Your Account Isn't Verified!

In order to create a playlist on Sporcle, you need to verify the email address you used during registration. Go to your Sporcle Settings to finish the process.

Report this User

Report this user for behavior that violates our Community Guidelines.

Details: